00325nam a2200109Ia 4500008004100000020002200041041001200063100007200075245001500147260003200162650002100194231221s9999 xx 000 0 und d a978-1-4020-4023-8 aEnglish aHans Gellersen, Kjeld Schmidt, Michel Beaudouin-Lafon, Wendy Mackay 0aECSCW 2005 c2005bSpringer USaNew York aComputer Science